[Event "Ruhrgebiet VK3 0304"]
[Site "Ruhrgebiet"]
[Date "2003.12.07"]
[Round "4.8"]
[White "Weyers, Lothar"]
[Black "Bovermann, Guenther"]
[Result "0-1"]
[WhiteElo "1637"]
[BlackElo "1745"]
[PlyCount "74"]
[EventDate "2003.09.28"]
[EventType "team"]
[EventRounds "9"]
[EventCountry "GER"]
[SourceTitle "EXT 2007"]
[Source "ChessBase"]
[SourceDate "2006.11.23"]
[SourceVersion "1"]
[SourceVersionDate "2006.11.23"]
[SourceQuality "1"]
[WhiteTeam "Hoentrop SG"]
[BlackTeam "Muelheim Heissen II"]
[WhiteTeamCountry "GER"]
[BlackTeamCountry "GER"]

1. e4 c5 2. Bc4 g6 3. Nc3 Bg7 4. Nf3 Nc6 5. a3 d6 6. d3 Bg4 7. h3 Bd7 8. Bf4 Qa5 9. Bd2 Qd8 10. Ng5 e6 11. 0-0 a6 12. Rb1 b5 13. Bb3 Nd4 14. Ba2 a5 15. Ne2 h6 16. Nxd4 hxg5 17. Nf3 Bf6 18. Nh2 Nh6 19. f4 gxf4 20. Bxf4 Qe7 21. Nf3 g5 22. Be3 0-0-0 23. Qd2 Rdg8 24. g4 Qd8 25. b4 cxb4 26. axb4 axb4 27. Qxb4 Qc7 28. d4 Be7 29. d5 e5 30. c4 f5 31. cxb5 Qb7 32. Rfc1+ Kd8 33. exf5 Nxf5 34. gxf5 Bxf5 35. Rb2 g4 36. Ne1 Rxh3 37. Qd2 Be4 0-1